000 00214nam a22000857a 4500
008 170119b xxu||||| |||| 00| 0 eng d
100 _92507
_aPasricha.P.
245 _a Social Science-4
260 _aNew Delhi
_bSrijan
_c2010
999 _c5579
_d5579